000 01209cad a22002655a 4500
001 L159466
008 141006s2016 xxk f 000 0 eng d
035 _a(Sirsi) u159466
041 0 _aeng
110 2 _aRoyal Institution of Chartered Surveyors
_94900
245 0 0 _aRented sector policy paper for England
_h[electronic resource]
260 _aLondon
_bRICS
_c2016
490 0 _aRICS Policy
520 _aProposes the development of a detailed database of renters in both social and private sectors as an alternative to credit checks; introduces a number of key measures to drive up standards and supply of rental accommodation in England's private and social sectors; and recommends Government takes action to tackle current and future problems for rental sector participants and homelessness.
590 _aKA
650 2 4 _aPRS
650 2 4 _aPRIVATE RENTED SECTOR
651 4 _aUnited Kingdom
690 _aResidential property
_96266
690 _aLandlord and tenant
_96252
690 _aLease/Letting
690 _aProperty management
_96262
856 4 0 _uhttps://www.rics.org/Global/rented_sector_policy_paper_061216_rt.PDF
_zView the item free of charge from www.rics.org
942 _n0
999 _c115926
_d115926